| 000 | 00835nam a2200277 a 4500 | ||
|---|---|---|---|
| 001 | 4804454 | ||
| 003 | OSt | ||
| 005 | 20221026154845.0 | ||
| 008 | 880426s1991 maua b 001 0 eng | ||
| 010 | _a 88081362 | ||
| 020 | _a1616101541 | ||
| 040 |
_aDLC _cDLC _dDLC |
||
| 050 | 0 | 0 |
_aLB1051 _b.S45 2009 |
| 082 | 0 | 0 |
_a370.15 _220 |
| 100 | 1 | _aSeifert, Kelvin. | |
| 245 | 1 | 0 |
_aEducational psychology / _cKelvin Seifert. |
| 250 | _a2nd ed. | ||
| 260 | _c2009 | ||
| 300 | _a376 p. : | ||
| 504 | _aIncludes bibliographical references (p. 558-574) and indexes. | ||
| 650 | 0 | _aEducational psychology. | |
| 700 | _aSutton, Rosemary | ||
| 906 |
_a7 _bcbc _corignew _d2 _eopcn _f19 _gy-gencatlg |
||
| 942 |
_2lcc _cBK |
||
| 999 |
_c19701 _d19700 |
||